000 00641 a2200181 4500
003 NUST
038 _aa
082 _aBEE-5
100 _aMuhammad Yaqoob
_966134
245 _aDevelopment of low cost, efficient, multipurpose haptic feedback system for a surgical robot
_cMuhammad Yaqoob
260 _aIslamabad
_bNUST-SEECS
_c2012
300 _a51p.
_b;ill.
_c;27cm.+
_eCD ROM
500 _aSupervisors:Dr. Sohail Iqbal, Dr. yasar Ayaz, Ms. Mehrin Kiani
563 _aa
700 _aSardar Rushan Sher Qaisrani, Muhammad Waqas Tariq
_993349
856 _uhttp://10.250.8.41:8080/xmlui/handle/123456789/10504
942 _cTHE
_kBEE-5 YAQ
_2ddc
999 _c11317
_d11317